Представление документа в формате MARC21

Поле Инд. ПП Название Значение
Тип записи a
Библиографический уровень m
001 Контрольный номер ad9018c95e3643b7b7a08e5536855422
005 Дата корректировки 20260204160128.8
084 a Индекс другой классификации/Индекс ББК 3
091 i Возрастная адресация (DOS) 16+
097 b Оператор Чирова
245 10 a Заглавие Сабрина
n Номер части/ раздела 2
260 c Дата издания 2026
900 a Имя макрообъекта E0041D100131DFDE
901 t Тип документа s